<?xml version="1.0" encoding="UTF-8"?>
<record
    xmlns:xsi="http://www.w3.org/2001/XMLSchema-instance"
    xsi:schemaLocation="http://www.loc.gov/MARC21/slim http://www.loc.gov/standards/marcxml/schema/MARC21slim.xsd"
    xmlns="http://www.loc.gov/MARC21/slim">

  <leader>00654nam a22002177a 4500</leader>
  <controlfield tag="005">20241206160801.0</controlfield>
  <controlfield tag="008">241206b           ||||| |||| 00| 0 eng d</controlfield>
  <datafield tag="020" ind1=" " ind2=" ">
    <subfield code="a">9780674279124</subfield>
  </datafield>
  <datafield tag="040" ind1=" " ind2=" ">
    <subfield code="c">AL</subfield>
  </datafield>
  <datafield tag="041" ind1=" " ind2=" ">
    <subfield code="a">English</subfield>
  </datafield>
  <datafield tag="082" ind1=" " ind2=" ">
    <subfield code="2">23</subfield>
    <subfield code="a">347.30822</subfield>
    <subfield code="b">ESKD</subfield>
  </datafield>
  <datafield tag="100" ind1=" " ind2=" ">
    <subfield code="a">William N.Eskridge</subfield>
    <subfield code="9">188454</subfield>
  </datafield>
  <datafield tag="245" ind1=" " ind2=" ">
    <subfield code="a">Dynamic Statutory Interpretation</subfield>
  </datafield>
  <datafield tag="260" ind1=" " ind2=" ">
    <subfield code="a">Cambridge</subfield>
    <subfield code="b">Harvard University press</subfield>
    <subfield code="c">1994</subfield>
  </datafield>
  <datafield tag="300" ind1=" " ind2=" ">
    <subfield code="a">438 p.</subfield>
    <subfield code="b">HB</subfield>
    <subfield code="c">23x16 cm.</subfield>
  </datafield>
  <datafield tag="365" ind1=" " ind2=" ">
    <subfield code="a">1060</subfield>
    <subfield code="b">&#x20B9;726.35</subfield>
    <subfield code="c">&#x20B9;</subfield>
    <subfield code="d">&#x20B9;995.00</subfield>
    <subfield code="e">27%</subfield>
    <subfield code="f">28-11-2024</subfield>
  </datafield>
  <datafield tag="650" ind1=" " ind2=" ">
    <subfield code="a">Interpretation and construction</subfield>
    <subfield code="9">188455</subfield>
  </datafield>
  <datafield tag="650" ind1=" " ind2=" ">
    <subfield code="a">Law</subfield>
    <subfield code="9">188456</subfield>
  </datafield>
  <datafield tag="700" ind1=" " ind2=" ">
    <subfield code="a">ESKRIDGE (William N)</subfield>
    <subfield code="9">188457</subfield>
  </datafield>
  <datafield tag="942" ind1=" " ind2=" ">
    <subfield code="2">ddc</subfield>
    <subfield code="c">BK</subfield>
  </datafield>
  <datafield tag="999" ind1=" " ind2=" ">
    <subfield code="c">232244</subfield>
    <subfield code="d">232244</subfield>
  </datafield>
  <datafield tag="952" ind1=" " ind2=" ">
    <subfield code="0">0</subfield>
    <subfield code="1">0</subfield>
    <subfield code="2">ddc</subfield>
    <subfield code="4">0</subfield>
    <subfield code="7">0</subfield>
    <subfield code="8">Law</subfield>
    <subfield code="a">LL</subfield>
    <subfield code="b">LL</subfield>
    <subfield code="d">2024-12-05</subfield>
    <subfield code="e">MPP House,Bengaluru</subfield>
    <subfield code="g">726.35</subfield>
    <subfield code="l">0</subfield>
    <subfield code="o">347.30822 ESKD</subfield>
    <subfield code="p">LL000837</subfield>
    <subfield code="r">2024-12-06 00:00:00</subfield>
    <subfield code="v">995.00</subfield>
    <subfield code="w">2024-12-06</subfield>
    <subfield code="y">BK</subfield>
  </datafield>
  <datafield tag="952" ind1=" " ind2=" ">
    <subfield code="0">0</subfield>
    <subfield code="1">0</subfield>
    <subfield code="2">ddc</subfield>
    <subfield code="4">0</subfield>
    <subfield code="7">0</subfield>
    <subfield code="8">Law</subfield>
    <subfield code="a">LL</subfield>
    <subfield code="b">LL</subfield>
    <subfield code="d">2024-12-05</subfield>
    <subfield code="e">MPP House,Bengaluru</subfield>
    <subfield code="g">726.35</subfield>
    <subfield code="l">0</subfield>
    <subfield code="o">347.30822 ESKD</subfield>
    <subfield code="p">LL000838</subfield>
    <subfield code="r">2024-12-06 00:00:00</subfield>
    <subfield code="v">995.00</subfield>
    <subfield code="w">2024-12-06</subfield>
    <subfield code="y">BK</subfield>
  </datafield>
  <datafield tag="952" ind1=" " ind2=" ">
    <subfield code="0">0</subfield>
    <subfield code="1">0</subfield>
    <subfield code="2">ddc</subfield>
    <subfield code="4">0</subfield>
    <subfield code="7">0</subfield>
    <subfield code="8">Law</subfield>
    <subfield code="a">LL</subfield>
    <subfield code="b">LL</subfield>
    <subfield code="d">2024-12-05</subfield>
    <subfield code="e">MPP House,Bengaluru</subfield>
    <subfield code="g">726.35</subfield>
    <subfield code="l">0</subfield>
    <subfield code="o">347.30822 ESKD</subfield>
    <subfield code="p">LL000839</subfield>
    <subfield code="r">2024-12-06 00:00:00</subfield>
    <subfield code="v">995.00</subfield>
    <subfield code="w">2024-12-06</subfield>
    <subfield code="y">BK</subfield>
  </datafield>
  <datafield tag="952" ind1=" " ind2=" ">
    <subfield code="0">0</subfield>
    <subfield code="1">0</subfield>
    <subfield code="2">ddc</subfield>
    <subfield code="4">0</subfield>
    <subfield code="7">0</subfield>
    <subfield code="8">Law</subfield>
    <subfield code="a">LL</subfield>
    <subfield code="b">LL</subfield>
    <subfield code="d">2024-12-05</subfield>
    <subfield code="e">MPP House,Bengaluru</subfield>
    <subfield code="g">726.35</subfield>
    <subfield code="l">0</subfield>
    <subfield code="o">347.30822 ESKD</subfield>
    <subfield code="p">LL000840</subfield>
    <subfield code="r">2024-12-06 00:00:00</subfield>
    <subfield code="v">995.00</subfield>
    <subfield code="w">2024-12-06</subfield>
    <subfield code="y">BK</subfield>
  </datafield>
  <datafield tag="952" ind1=" " ind2=" ">
    <subfield code="0">0</subfield>
    <subfield code="1">0</subfield>
    <subfield code="2">ddc</subfield>
    <subfield code="4">0</subfield>
    <subfield code="7">0</subfield>
    <subfield code="8">Law</subfield>
    <subfield code="a">LL</subfield>
    <subfield code="b">LL</subfield>
    <subfield code="d">2024-12-05</subfield>
    <subfield code="e">MPP House,Bengaluru</subfield>
    <subfield code="g">726.35</subfield>
    <subfield code="l">0</subfield>
    <subfield code="o">347.30822 ESKD</subfield>
    <subfield code="p">LL000841</subfield>
    <subfield code="r">2024-12-06 00:00:00</subfield>
    <subfield code="v">995.00</subfield>
    <subfield code="w">2024-12-06</subfield>
    <subfield code="y">BK</subfield>
  </datafield>
</record>
